000 00430nam a2200157 i 4500
001 bg
100 1 _aKUDREWICZ, Jacek
245 0 _aAnaliza funkcjonalna dla automatyków i elektroników /
_cJacek Kudrewicz.
260 _aWarszawa,
_c1976.
490 1 _aBiblioteka Naukowa Inżyniera
830 _aBiblioteka Naukowa Inżyniera
040 _cBPK
041 _apol
942 _cKS
008 s pl f |000 0 pol
999 _c16905
_d16905
856 _uhttp://koha.tu.koszalin.pl/cgi-bin/koha/opac-detail.pl?biblionumber=16905
_yKatalog online BPK